[Event "Zuerich Easter op 1st"]
[Site "Zuerich"]
[Date "2018.03.30"]
[Round "2"]
[White "Aeschbach, Philipp"]
[Black "Bounlom, Samyo"]
[Result "1-0"]
[WhiteElo "2298"]
[BlackElo "1986"]
[PlyCount "57"]
[EventDate "2018.03.30"]
[EventType "swiss"]
[EventRounds "7"]
[EventCountry "SUI"]
[SourceTitle "CBM 183 Extra"]
[Source "ChessBase"]
[SourceDate "2018.04.19"]
[SourceVersion "1"]
[SourceVersionDate "2018.04.19"]
[SourceQuality "1"]

1. c4 e6 2. g3 Nf6 3. Bg2 d5 4. Nf3 c5 5. 0-0 Nc6 6. cxd5 exd5 7. d4 cxd4 8. Nxd4 Bc5 9. Nxc6 bxc6 10. Qc2 Qb6 11. Nc3 Bd6 12. e4 d4 13. Na4 Qb5 14. e5 Qxe5 15. Bf4 Qe7 16. Qxc6+ Bd7 17. Qxa8+ Qd8 18. Qxd8+ Kxd8 19. Bxd6 Bxa4 20. Be5 Re8 21. Bxd4 Re2 22. Rfe1 Rd2 23. Bxf6+ gxf6 24. b3 Bd7 25. Red1 Re2 26. Bc6 Re7 27. Rxd7+ Rxd7 28. Bxd7 Kxd7 29. Rc1 1-0

[Event "Zuerich op-B 41st"]
[Site "Zuerich"]
[Date "2017.12.28"]
[Round "4"]
[White "Bounlom, Samyo"]
[Black "Juciute, Einora"]
[Result "1-0"]
[WhiteElo "1974"]
[BlackElo "1868"]
[PlyCount "119"]
[EventDate "2017.12.26"]
[EventType "swiss"]
[EventRounds "7"]
[EventCountry "SUI"]
[SourceTitle "CBM 182 Extra"]
[Source "ChessBase"]
[SourceDate "2018.02.23"]
[SourceVersion "1"]
[SourceVersionDate "2018.02.23"]
[SourceQuality "1"]

1. c4 e5 2. g3 Nc6 3. Nc3 f5 4. e4 d6 5. Nge2 Nf6 6. d3 fxe4 7. dxe4 Be6 8. b3 Qd7 9. Bg2 a6 10. Nd5 Be7 11. Nec3 0-0 12. f3 Rf7 13. Be3 Raf8 14. 0-0 Bd8 15. Qd3 Bh3 16. Rad1 Bxg2 17. Kxg2 Nxd5 18. Qxd5 b6 19. c5 bxc5 20. Bxc5 h5 21. Qc4 h4 22. Rd3 h3+ 23. Kg1 Kh8 24. Rf2 Qe8 25. Ba3 Bg5 26. Ne2 Rf6 27. Bc1 Bxc1 28. Qxc1 Nb4 29. Re3 c5 30. Qf1 Qh5 31. Nc3 Qh6 32. f4 Qh5 33. Ref3 Qg4 34. Kh1 a5 35. Nd1 Rh6 36. Ne3 Qe6 37. f5 Qf7 38. g4 Qb7 39. Qc4 Nc6 40. Nd5 Rh4 41. Qc3 Rxg4 42. Rxh3+ Kg8 43. Rh8+ Kxh8 44. Qh3+ Kg8 45. Qxg4 Ne7 46. Nc3 Rf6 47. Rg2 g6 48. h4 Qb4 49. Rg3 Kf7 50. h5 gxf5 51. Qg7+ Ke6 52. h6 fxe4 53. h7 Nf5 54. Qg8+ Kd7 55. Rg7+ Nxg7 56. Qxg7+ Ke6 57. h8Q Rf1+ 58. Kg2 Qxc3 59. Qhg8+ Kf5 60. Q7f7# 1-0

[Event "SUI-ch HT"]
[Site "Bern"]
[Date "2014.09.30"]
[Round "5"]
[White "Bounlom, Samyo"]
[Black "Pomini, Aurelien"]
[Result "0-1"]
[WhiteElo "1880"]
[BlackElo "2172"]
[PlyCount "84"]
[EventDate "2014.09.27"]
[EventType "swiss"]
[EventRounds "9"]
[EventCountry "SUI"]
[SourceTitle "EXT 2016"]
[Source "ChessBase"]
[SourceDate "2015.10.08"]
[SourceVersion "1"]
[SourceVersionDate "2015.10.08"]
[SourceQuality "1"]

1. c4 e5 2. Nc3 Nf6 3. Nf3 Nc6 4. d4 e4 5. Ng5 Bb4 6. d5 Bxc3+ 7. bxc3 Na5 8. Qd4 c5 9. Qxc5 h6 10. Nh3 b6 11. Qd4 d6 12. Nf4 Ba6 13. c5 dxc5 14. Qe5+ Qe7 15. Qxe7+ Kxe7 16. e3 Bxf1 17. Rxf1 g5 18. d6+ Kxd6 19. Ne2 Nc4 20. f4 g4 21. Kf2 Rad8 22. a4 Kc6 23. a5 Nxa5 24. c4 Nxc4 25. Rxa7 Rd7 26. Ra4 b5 27. Ra6+ Nb6 28. Bb2 g3+ 29. Kg1 gxh2+ 30. Kh1 Rd6 31. Be5 Rhd8 32. Bxd6 Rxd6 33. Ng3 b4 34. Kxh2 Kb5 35. Rfa1 b3 36. Ne2 b2 37. Nc3+ Kb4 38. R1a3 Rd3 39. Nb1 Nfd5 40. Ra2 Kb3 41. R6a3+ Kc2 42. Ra5 Kxb1 0-1

[Event "SUI-ch HT"]
[Site "Bern"]
[Date "2014.09.29"]
[Round "4"]
[White "Bounlom, Samyo"]
[Black "Haas, Carmi"]
[Result "1-0"]
[WhiteElo "1880"]
[BlackElo "2212"]
[PlyCount "94"]
[EventDate "2014.09.27"]
[EventType "swiss"]
[EventRounds "9"]
[EventCountry "SUI"]
[SourceTitle "EXT 2016"]
[Source "ChessBase"]
[SourceDate "2015.10.08"]
[SourceVersion "1"]
[SourceVersionDate "2015.10.08"]
[SourceQuality "1"]

1. c4 c6 2. Nc3 d5 3. cxd5 cxd5 4. Nf3 Nf6 5. e3 Nc6 6. Bb5 a6 7. Bxc6+ bxc6 8. d4 Qc7 9. Qc2 g6 10. 0-0 Bg7 11. b3 Bf5 12. Qe2 0-0 13. Ba3 Bg4 14. Rac1 Rfe8 15. h3 Bxf3 16. Qxf3 Qa5 17. Na4 Rac8 18. Qe2 Ne4 19. Rfd1 e5 20. f3 Ng3 21. Qf2 exd4 22. Qxg3 dxe3 23. Bc5 e2 24. Re1 Qd2 25. a3 Bh6 26. Rb1 Bf4 27. Qf2 d4 28. Bxd4 Rcd8 29. Bc5 a5 30. Rb2 Qxe1+ 31. Qxe1 Rd1 32. Bf2 Rxe1+ 33. Bxe1 Be3+ 34. Kh1 Bc1 35. Ra2 Rb8 36. b4 axb4 37. axb4 Rd8 38. Rxe2 f6 39. Kh2 Kf7 40. Bf2 Bd2 41. Bc5 g5 42. Nb6 h5 43. Nc4 Bc3 44. Re7+ Kg6 45. Rc7 Rb8 46. Rxc6 Bxb4 47. Bxb4 Rxb4 1-0

[Event "Stein am Rhein op 2nd"]
[Site "Stein am Rhein"]
[Date "2014.03.02"]
[Round "4"]
[White "Albicker, Laurenz"]
[Black "Bounlom, Samyo"]
[Result "0-1"]
[WhiteElo "1514"]
[BlackElo "1856"]
[PlyCount "74"]
[EventDate "2014.02.28"]
[EventType "swiss"]
[EventRounds "5"]
[EventCountry "SUI"]
[SourceTitle "CBM 159 Extra"]
[Source "ChessBase"]
[SourceDate "2014.04.24"]
[SourceVersion "1"]
[SourceVersionDate "2014.04.24"]
[SourceQuality "1"]

1. c4 c5 2. g3 g6 3. Bg2 Bg7 4. Nf3 Nf6 5. Nc3 Nc6 6. 0-0 0-0 7. Rb1 d5 8. Nxd5 Nxd5 9. cxd5 Qxd5 10. b3 Bf5 11. Ng5 Qd7 12. d3 h6 13. Nf3 Rfd8 14. Bb2 Nd4 15. Qd2 e5 16. Nxd4 exd4 17. Rbc1 Rac8 18. Rc2 Bh3 19. Rfc1 b6 20. b4 Bxg2 21. Kxg2 Qd5+ 22. Kg1 Rc7 23. Ba3 Re8 24. bxc5 bxc5 25. Qa5 Bf8 26. Rc4 h5 27. h4 g5 28. hxg5 Be7 29. R1c2 Rb7 30. f4 Qe6 31. Qd2 Qg4 32. Qe1 h4 33. Qf2 hxg3 34. Qf3 Qh3 35. Qg2 Qh4 36. Rxd4 Bxg5 37. Qxb7 Qh2+ 0-1